Missing Word: August Days Quiz Stats

 Plays Quiz Updated Aug 15, 2016

Challenge
Share
Tweet
Embed
Score 0/31 Timer 05:00
0 Plays Today
Hint Answer % Correct
Spider-_____ DayMan
94%
Tug-of-_____ DayWar
93.5%
National Root _____ Float DayBeer
92.9%
National Duran _____ Appreciation DayDuran
91.4%
Willing-to-Lend-a-_____ WednesdayHand
90.8%
Son and _____ DayDaughter
90.6%
US Coast _____ BirthdayGuard
90.1%
National Thrift _____ DayShop
87.2%
National _____ Coaster DayRoller
87%
National _____ Mignon DayFilet
86.6%
National Chocolate Pecan _____ DayPie
84.9%
Kiss and _____ Up DayMake
83.3%
National Take Your Cat to the _____ DayVet
82.2%
Assumption of the Blessed _____ MaryVirgin
79%
Lyndon Baines _____ Day (in Texas)Johnson
77.7%
National _____ and Spicy Food DayHot
77.6%
Hint Answer % Correct
India _____ Ale DayPale
76%
National Bow _____ DayTie
74.8%
International Day of the World's Indigenous _____Peoples
73%
Airplane _____ Duster DayCrop
70.5%
National Sewing _____ DayMachine
68.9%
_____ Opener DayCan
65.3%
National Raspberries and _____ DayCream
64.1%
More Herbs, Less _____ DaySalt
40.5%
European Day of Remembrance for _____ of Stalinism and NazismVictims
35.2%
National _____ Citizens DaySenior
31.8%
___ Like a Dog DayWork
30.8%
National _____ Code Talkers DayNavajo
29%
National Toasted _____ DayMarshmallow
28.8%
_____ Poetry DayBad
15.9%
Assistance _____ DayDog
11.7%

Today's Daily Dose

Missing Word
TV HA - HZ

Word Ladder
Nordic Capital

On This Day
January 19th II

You're not logged in!

Compare scores with friends on all Sporcle quizzes.
OR
Log In

You Might Also Like...

Show Comments

Extras

Top Quizzes Today


Score Distribution

Your Account Isn't Verified!

In order to create a playlist on Sporcle, you need to verify the email address you used during registration. Go to your Sporcle Settings to finish the process.

Report this User

Report this user for behavior that violates our Community Guidelines.

Details: